| 000 | 00517nam a2200193Ia 4500 | ||
|---|---|---|---|
| 005 | 20250923150148.0 | ||
| 008 | 008 250917s9999 xx 000 0 eng d | ||
| 037 | _aTextual | ||
| 040 |
_aDSWL _beng _cDSWL |
||
| 041 |
_aeng _2eng |
||
| 084 | _qDSWL | ||
| 245 | 0 |
_aUnderstanding Indian society : Non brahmin perspectives _cEd.by S.M. Dahiwale |
|
| 260 |
_aJaipur _bRawat India _c2005 |
||
| 300 | _a266p. | ||
| 365 |
_aINR _b500 .0 |
||
| 925 | _g500 .0 | ||
| 942 | _cTEXL | ||
| 999 |
_c1460279 _d1460279 |
||